000 00611nam a2200229Ia 4500
008 160319s9999 xx 000 0 und d
020 _a971-08-6377-0
050 _aFIL QA 276.12
050 _b.R49 2003 c.3
100 _aReyes, Carmela O. Zamora -
245 _aElementary statistics :
245 _btext / workbook /
245 _cCarmela O. Zamora - Reyes.
260 _aMandaluyong:
260 _bNational Book Store,
260 _c2003
300 _a277 pages :
300 _billustrations ;
300 _c28 cm.
500 _aIncludes bibliographical references.
650 _aStatistics.
999 _c291875
_d291875